LEADER 01002nam0-22003491i-450- 001 990003783940403321 005 20001010 010 $a0-87589-484-4 035 $a000378394 035 $aFED01000378394 035 $a(Aleph)000378394FED01 035 $a000378394 100 $a20001010d--------km-y0itay50------ba 101 0 $aita 105 $ay-------001yy 200 1 $aOn Higher Education$ethe Academic Enterprise in an Era of Rising Student Consumerism$fDavid Riesman 205 $a1.ed. 210 $aSan Francisco$cJossey-BSSs$d1980 215 $axxxiv, 421 p.$d23 cm 225 1 $a<>Carnegie Council Series 610 0 $aUNIVERSITA'$aStati Uniti 610 0 $aCOLLEGES$aStati Uniti 676 $a378.73 700 1$aRiesman,$bDavid$f<1909-2002>$0118684 801 0$aIT$bUNINA$gRICA$2UNIMARC 901 $aBK 912 $a990003783940403321 952 $a378.73 RIE 1$b2210$fBFS 959 $aBFS 996 $aOn Higher Education$9510153 997 $aUNINA DB $aING01 LEADER 01357nam2-22003851i-450 001 990001285050403321 005 20200217112702.0 035 $a000128505 035 $aFED01000128505 035 $a(Aleph)000128505FED01 035 $a000128505 100 $a20001205d1965----km-y0itay50------ba 101 0 $afre 102 $aFR 200 1 $aLes applications de la theorie des probabilites aux sciences economiques et aux sciences biologiques$fR. Risser, C. E. Traynard 205 $a2.eme ed. revue et augmentée d'après les notes de l'auteur 210 $aParis$cGauthier-Villars$d1965 215 $av.$d24 cm 327 1 $av. 3.3 : Applications de la statistique démographie et la biologie. XII, 363 p. 461 0$1001000113939$12001$aTraité du calcul des probabilites et de ses applications 610 0 $aStatistica matematica$aApplicazioni alla biologia 676 $a519.5 700 1$aRisser,$bRené$041283 701 1$aTraynard,$bClaude Emile$057183 801 0$aIT$bUNINA$gRICA$2UNIMARC 901 $aBK 912 $a990001285050403321 952 $a9-I-24$b8064$fMA1 952 $a02 29 B 2$b280$fFINBN 959 $aFINBN 959 $aMA1 962 $a62P10 962 $a62P20 996 $aLes applications de la theorie des probabilites aux sciences economiques et aux sciences biologiques$91732670 997 $aUNINA